00822nam a2200253Ia 4500003000900000008004100009040001300050040001300063041000800076100001900084245008700103250000900190260002100199260000900220300001000229490003300239490000700272600003500279700002300314700000900337942000700346999001700353952019800370IT-RoPAU120407s9999 xx 000 0 und d aIT-RoPAU cIT-RoPAU aita aJean Danielou  aSentire Ecclesiam. La coscienza della Chiesa come forza plasmatrice della pietà aRoma aEdizioni Paoline c1964 c18 cm aBiblioteca cultura religiosa v49 a"1° v. 741 p. 2° v .756 p." aHerbert Vorgrimler ccur. cBK c14077d14077 00102ddc406208_23490000000000071aPAULUSbPAULUSd2012-04-11l0o208.2349r2012-04-11 00:00:00w2012-04-11yBKzInserito da: Mario In data: 06 agosto 2011 fondo: Via A.Severo 56 Progr:32666